811系の対照表(2024/3改正対応) - Statistics

General Stats
  • This quiz has been taken 57 times
  • The average score is 52 of 92
Answer Stats
Hint Answer % Correct
10 門司
100%
19 博多
100%
11 小倉
98%
22 鳥栖
98%
32 熊本
98%
39 小倉
98%
04 快速
93%
9 門司港
93%
23 久留米
93%
28 大牟田
93%
38 門司港
93%
03 普通
91%
50 大分
89%
1 回送
87%
13 折尾
87%
20 南福岡
85%
64 長崎
85%
56 佐賀
83%
2 試運転
80%
18 福間
80%
25 羽犬塚
80%
29 荒尾
80%
43 中津
80%
63 諫早
80%
34 八代
78%
49 別府
76%
68 佐世保
76%
17 江北
74%
21 二日市
74%
16 赤間
72%
30 玉名
72%
40 行橋
72%
67 早岐
70%
05 急行
67%
3 臨時
67%
8 吉塚
67%
24 荒木
67%
27 銀水
67%
45 宇佐
67%
53 佐伯
67%
4 団体
63%
58 肥前鹿島
63%
36 原田
61%
66 武雄温泉
61%
14 遠賀川
59%
57 肥前山口
59%
12 八幡
57%
44 柳ヶ浦
57%
46 杵築
57%
52 臼杵
57%
15 海老津
54%
10 区間快速 福間から快速
52%
11 区間快速 博多から快速
52%
15 区間快速 久留米から快速
50%
18 区間快速 博多まで快速
50%
12 区間快速 南福岡から快速
48%
14 区間快速 鳥栖から快速
48%
31 上熊本
48%
17 区間快速 福間まで快速
46%
51 幸崎
46%
59 肥前浜
46%
07 区間快速 折尾から快速
43%
19 区間快速 二日市まで快速
43%
20 区間快速 鳥栖まで快速
43%
21 区間快速 久留米まで快速
43%
13 区間快速 二日市から快速
41%
24 区間快速 南福岡まで快速
41%
26 瀬高
41%
16 区間快速 大牟田から快速
39%
23 区間快速 折尾まで快速
39%
41 新田原
39%
48 亀川
39%
47 日出
37%
22 区間快速 大牟田まで快速
35%
42 宇島
35%
35 基山
33%
61 中山香
30%
6 竹下
26%
60 苅田
24%
62 湯江
22%
08 JR
22%
33 川尻
20%
5 有田陶器市号
17%
30 快速区間 博多~福間
15%
7 箱崎
15%
29 快速区間 久留米~福間
13%
01 準快速 赤間~折尾間停車
7%
25 快速区間 羽犬塚~博多
7%
26 快速区間 羽犬塚~小倉
7%
27 快速区間 中津~小倉
7%
06 NEW RAPID TRAIN 811
7%
28 快速区間 羽犬塚~福間
4%
No matching quizzes found
Score Distribution
Percent of People with Each Score
Percentile by Number Answered
Your Score History
You have not taken this quiz